Normal view
MARC view
- decline of the west
Entry Topical Term
001 - CONTROL NUMBER
- control field: 119434
003 - CONTROL NUMBER IDENTIFIER
- control field: NUST
005 - DATE AND TIME OF LATEST TRANSACTION
- control field: 20231202174336.0
008 - FIXED-LENGTH DATA ELEMENTS
- fixed length control field: 231202|| aca||aabn | a|a d
040 ## - CATALOGING SOURCE
- Original cataloging agency: NUST
- Transcribing agency: NUST
150 ## - HEADING--TOPICAL TERM
- Topical term or geographic name entry element: decline of the west
670 ## - SOURCE DATA FOUND
- Source citation: Work cat.: (NUST)328743: Spengler, Oswald 17882, The Decline of the West/, 2005
